Livres de la Bible - Dans l'ordre - Statistiques

Statistiques générales
  • Ce quiz a été pris 113 fois
  • Le résultat moyen est 35 sur 66
Statistiques - réponses
Réponse % Correct
Genèse
100%
Exode
91%
Lévitique
80%
Deutéronome
78%
Nombres
78%
Josué
74%
Juges
70%
Ruth
70%
1 Rois
67%
2 Rois
67%
1 Chroniques
65%
1 Samuel
65%
2 Chroniques
65%
2 Samuel
65%
Néhémie
61%
Esdras
59%
Esther
59%
Proverbes
59%
Psaumes
59%
Job
56%
Cantique
54%
Ecclésiaste
54%
Apocalypse
52%
Jérémie
52%
Lamentations
52%
Jude
50%
1 Jean
48%
1 Pierre
48%
2 Jean
48%
2 Pierre
48%
3 Jean
48%
Daniel
48%
Esaïe
48%
Ezékiel
46%
Hébreux
46%
Philémon
46%
Tite
46%
1 Corinthiens
44%
2 Corinthiens
44%
Actes
44%
Jacques
44%
Jean
44%
Jonas
44%
Luc
44%
Marc
44%
Matthieu
44%
Osée
44%
Romains
44%
1 Thessaloniciens
43%
1 Timothée
43%
2 Thessaloniciens
43%
2 Timothée
43%
Amos
43%
Colossiens
43%
Ephésiens
43%
Galates
43%
Michée
43%
Philippiens
43%
Zacharie
43%
Joël
41%
Malachie
41%
Nahum
41%
Abdias
39%
Sophonie
39%
Habacuc
37%
Aggée
35%
Aucun quiz correspondant
Distribution des résultats
% des personnes avec chaque résultat
Percentile par nombre de réponses
Votre historique - résultats
Vous n’avez pas pris ce quiz